000 00618nam a2200205Ii 4500
003 JO-AjNU
008 230605s9999||||xx |||||||||||||| ||und||
040 _aJO-AjNU
_bara
_erda
_cJO-AjNU
041 _aara
050 1 4 _aPJ7828.K5.S9 1978
100 3 _aتأليف الحكيم، توفيق,
_eauthor
_937666
245 0 0 _aسلطان الظلان
250 _aط1
264 3 1 _aبيروت:دار الكتاب اللبناني،1978
300 _a163ص
336 _atext
_btxt
_2rdacontent
337 _aunmediated
_bn
_2rdamedia
338 _avolume
_bnc
_2rdacarrier
650 4 _aالأدب العربي
_937667
999 _aA15759
_c19327
_d19327